| 000 | 00926nam a2200229 a 4500 | ||
|---|---|---|---|
| 001 | 39049 | ||
| 003 | BD-RjUL | ||
| 005 | 20211209052915.0 | ||
| 008 | 160404s2015 bg o|||e |||| 000 0 ben d | ||
| 020 |
_a9789849120360: _cTk 650.00 |
||
| 035 | _a(BD-RjUL)39160 | ||
| 040 |
_aBD-RjUL _bben _cBD-RjUL |
||
| 041 | _aben | ||
| 082 |
_223 _bHUQ 2015 _a927.9144 |
||
| 100 |
_aহক, সৈয়দ আজিজুল _9120532 |
||
| 245 | 1 | 0 |
_aকাইয়ুম চৌধুরী : _bশিল্পীর একান্ত জীবনকথা / _cসৈয়দ আজিজুল হক |
| 260 |
_aঢাকা : _bপ্রথমা প্রকাশন, _c২০১৫ |
||
| 300 |
_a১৪৪ পৃ,: _bচিত্র; _c২৪ সেমি। |
||
| 650 |
_aচিত্রশিল্পী _xজীবনী _zবাংলাদেশ _9120533 |
||
| 650 |
_aPainters _xBiography _zBangladesh _9120534 |
||
| 942 |
_2ddc _cBK |
||
| 999 |
_c39049 _d39049 |
||